| 000 | 00575cam a22002291 4500 | ||
|---|---|---|---|
| 001 | sa 66007405 | ||
| 003 | DLC | ||
| 005 | 20260227112304.0 | ||
| 008 | 900105s1966 ii 000 0 pano | ||
| 010 | _asa 66007405 | ||
| 035 | _a(OCoLC)20851103 | ||
| 040 |
_aDLC _cWaU _dDLC |
||
| 042 | _apremarc | ||
| 050 | 0 | 0 |
_aPK2659.B37 _bZ834 |
| 100 | 1 |
_aPremī, Guraditta Siṅgha, _d1918- |
|
| 245 | 1 | 0 | _aBāwā te Safīra. |
| 260 | _c[1966] | ||
| 300 |
_a188 p. _c19 cm. |
||
| 500 | _aIn Panjabi. | ||
| 600 | 1 | 0 |
_aBawa, Balwant, _d1915-1972. |
| 600 | 1 | 0 |
_aSingh, Pritam, _d1916- |
| 999 |
_c71167 _d71167 |
||